Didaktika daňovníctva - teória a prax

Na minha lista:
Detalhes bibliográficos
Autor principal: Velichová, Ľudmila
Autor Corporativo: Ekonomická univerzita v Bratislave. Národohospodárska fakulta
Outros Autores: Baláži, Peter, Horáčková, Alena
Formato: Livro
Idioma:eslovaco
Publicado em: Bratislava Vydavateľstvo EKONÓM 2018
Edição:2. prepracované a doplnené vydanie
Assuntos:
Tags: Adicionar Tag
Sem tags, seja o primeiro a adicionar uma tag!

MARC

LEADER 00000nam a2200000 4500
001 0248745
005 20240502073958.7
020 |a 978-80-225-4538-9 
041 0 |a slo 
044 |a SK 
245 1 0 |a Didaktika daňovníctva - teória a prax  |c Ľudmila Velichová ; recenzenti: Peter Baláži, Alena Horáčková 
250 |a 2. prepracované a doplnené vydanie 
264 1 |a Bratislava  |b Vydavateľstvo EKONÓM  |c 2018 
300 |a 128 s. [6,53 AH] 
610 2 0 |a didaktika 
610 2 0 |a dane 
610 2 0 |a politika daňová 
610 2 0 |a výskum 
610 2 0 |a pedagogika 
610 2 0 |a vyučovanie 
610 2 0 |a sústava daňová 
610 2 0 |a metodika 
610 2 0 |a rozbory 
610 2 0 |a teórie daňové 
100 1 |a Velichová, Ľudmila 
700 1 |a Baláži, Peter 
700 1 |a Horáčková, Alena 
710 2 |a Ekonomická univerzita v Bratislave. Národohospodárska fakulta